| 000 | 00445nam a22001577a 4500 | ||
|---|---|---|---|
| 005 | 20260302151906.0 | ||
| 008 | 260302b |||||||| |||| 00| 0 eng d | ||
| 020 | _a978-9914-55-260-7 | ||
| 100 | _aODHIAMBO, VINCENT | ||
| 245 |
_aEXCELLING CORE _bLEARNERS BOOK GRADE 10 |
||
| 260 |
_aNAIROBI _bKENYA LITERATURE BUREAU _c2025 |
||
| 300 | _a268P. | ||
| 650 | _aMATHEMATICS - STUDY AND TEACHING | ||
| 700 | _aMUTUKU, WINFRED | ||
| 942 |
_2lcc _cBK |
||
| 999 |
_c216735 _d216735 |
||